| 000 | 00400nam a2200169Ia 4500 | ||
|---|---|---|---|
| 005 | 20250423100217.0 | ||
| 008 | 250422s9999 xx 000 0 und d | ||
| 020 | _a0- 7356- 1290- 0 | ||
| 050 | _aQA 76.736.C153/ | ||
| 100 | _aMickey Williams | ||
| 245 | 0 | _aMicrosoft visual C# | |
| 260 | _bMicrosoft Press | ||
| 260 | _c2002 | ||
| 300 | _a746 p | ||
| 650 | _aMicrosoft visual C# | ||
| 942 | _cBK | ||
| 999 |
_c32610 _d32610 |
||